Ordinal algebras /
Guardado en:
| Autor Principal: | |
|---|---|
| Otros Autores: | , |
| Formato: | Libro |
| Idioma: | English |
| Publicado: |
Amsterdam :
North-Holland,
1956.
|
| Series: | Studies in logic and the foundations of mathematics
|
| Etiquetas: |
Agregar Etiqueta
Sin Etiquetas, Sea el primero en etiquetar este registro!
|
| LEADER | 00659nam a22001935a 4500 | ||
|---|---|---|---|
| 001 | MAT.inmabb000415 | ||
| 008 | 031125s1956####ne############001#0#eng#d | ||
| 005 | 20110302135611.0 | ||
| 245 | 1 | 0 | |a Ordinal algebras / |c by Alfred Tarski ; with appendices by Chen-Chung Chang and Bjarni Jónsson. |
| 260 | |a Amsterdam : |b North-Holland, |c 1956. | ||
| 300 | |a 133 p. ; |c cm. | ||
| 440 | 0 | |a Studies in logic and the foundations of mathematics | |
| 510 | 4 | |a MR, |c 18,632d | |
| 100 | 1 | |a Tarski, Alfred. | |
| 700 | 1 | |a Chang, Chen Chung, |d 1927- |4 clb | |
| 700 | 1 | |a Jónsson, Bjarni, |d 1920- |4 clb | |
| 084 | |a 06 |2 msc2000 | ||
| 010 | |a a 58002955 | ||
| 859 | |h 06 |i T193o |p A-148 |b BIB. MATEMATICA | ||
